| 000 | 00566pab a2200181 454500 | ||
|---|---|---|---|
| 008 | 180718b2014 xxu||||| |||| 00| 0 eng d | ||
| 100 | _aJosefsson, Cecilia | ||
| 245 | _aWho benefits from gender quotas? Assessing the impact of election procedure reform on members of parliament's attributes in Uganda | ||
| 260 | _c2014 | ||
| 300 | _ap.93-105. | ||
| 362 | _aJan | ||
| 650 | _aelections - Uganda | ||
| 650 | _aWomen in politics - Uganda | ||
| 650 | _awomen in politics | ||
| 773 | _aInternational Political Science Review | ||
| 908 | _aN | ||
| 909 | _a104055 | ||
| 999 |
_c104051 _d104051 |
||